1605 1465 1984 1693 1303 1105 1787 1880 1016 1345 1573 1400 1613 1438 1494 1057 1262 1989 1540 1908 1316 1375 1795 1370 1761 1390 1724 1636 1746 1535 1093 1338 1115 1601 1008 1499 1521 1428 1127 1127 1513 1222 1309 1575 1933 1294 1703 1381 1961 1474 1490 1294 1846 1326 1521 1862 1972 1272 1942 1335 1958 1900 1263 1478 1262 1193 1925 1763 1210 1745 1542 1766 1691 1794 1887 1507 1759 1504 1687 1245 1935 1702 1926 1631 1553 1867 1982 1607 1672 1305 1530 1401 1218 1310 1887 1855 1994 1681 1020 BCNSPRNW ULIB Ver.6.0+V

เปลี่ยนเป็นภาษาไทย

Change to English
 แสดงรายละเอียดบรรณานุกรม
  กลับหน้าหลัก

Brief Record : Get Marc (ISO 2709) : E-mail record : QR code < ปิดหน้าต่าง
LEADER : 00000nam 2200000uu 4500
001    13399111333
003     ULIB
008    110622s||||||||th 000 0 tha d
020    9789749763278
050 04 BF1922.T5^bค169ค 2550
100 1  บริสตอล, คล็อด เอ็ม.
245 10 ความเชื่อ พลังมหัศจรรย์ในจิตใต้สำนึกของคุณ /^cClaude M.Bristol ; กานต์สิริ โรจนสุวรรณ แปล
246 31 The magic of belleving
250    พิมพ์ครั้งที่ 1
260    กรุงเทพฯ :^bต้นไม้,^c2550
300    305 หน้า
500    The magic of belleving
650  7 โทรจิต
700 00 กานต์สิริ โรจนสุวรรณ,^eผู้แปล
945    ^p250^l0^i023332
995    ทศพร
999 ^a ใช้งานได้ทุกระบบ
รายการนี้ยังไม่มีแท็ก
คุณยังไม่ได้ล็อกอิน คุณสามารถมีกิจกรรมร่วมกับเว็บไซต์ได้ แต่ต้องล็อกอินก่อน ::
  ล็อกอิน

รายการสื่อสารสนเทศ

ลำดับที่ ประเภท เลขเรียก/บาร์โค้ด สถานที่ สถานะ
- ไม่พบข้อมูล -

BibComment


ยังไม่เคยถูกคอมเมนท์

คอมเมนท์ทรัพยากรรายการนี้
  คอมเมนท์: ความเชื่อ พลังมหั..


 Copyright 2026. Bcnsprnw @Library